Statistics for Norwegian towns with 'Hurtigruten' stop

Click here to take the quiz!

General Stats

  • This quiz has been taken 31 times
  • The average score is 18 of 35

Answer Stats

Town% Correct
Bergen
100%
Tromsø
92%
Trondheim
92%
Ålesund
83%
Kirkenes
83%
Molde
83%
Bodø
79%
Florø
75%
Hammerfest
75%
Svolvær
75%
Kristiansund
63%
Vadsø
63%
Vardø
63%
Harstad
54%
Honningsvåg
54%
Måløy
54%
Sandnessjøen
54%
Brønnøysund
50%
Rørvik
50%
Sortland
50%
Berlevåg
46%
Finnsnes
38%
Nesna
38%
Båtsfjord
33%
Geiranger
33%
Mehamn
33%
Skjervøy
33%
Stokmarknes
29%
Kjøllefjord
25%
Øksfjord
25%
Ørnes
25%
Stamsund
25%
Torvik
25%
Havøysund
13%
Risøyhamn
13%

Score Distribution

Percentile by Number Answered

Percent of People with Each Score

Your Score History

You have not taken this quiz